Name an Asian Country A-Z - Statistics

General Stats
  • This quiz has been taken 6,078 times
  • The average score is 18 of 19
Answer Stats
Letter Countries % Correct
C Cambodia, China, Cyprus
99%
I India, Iraq, Israel...
98%
J Japan, Jordan
98%
A Afghanistan, Armenia, Azerbaijan
97%
B Bangladesh, Bhutan, Bahrain...
97%
M Malaysia, Myanmar, Mongolia...
97%
S Saudi Arabia, Singapore, Syria...
97%
T Thailand, Turkey, Tajikistan...
97%
Y Yemen
97%
L Laos, Lebanon
96%
N Nepal, North Korea
96%
O Oman
96%
Q Qatar
96%
K Kazakhstan, Kuwait, Kyrgyzstan
95%
P Pakistan, Philippines
95%
U Uzbekistan, U.A.E
94%
V Vietnam
93%
G Georgia
86%
E East Timor
77%
No matching quizzes found
Score Distribution
Percent of People with Each Score
Percentile by Number Answered
Your Score History
You have not taken this quiz